000
00274nam a2200121Ia 4500
008
190216s9999||||xx |||||||||||||| ||und||
100
_a
Shakespere
245
4
_a
The Tempest
260
_b
Cambridge Uty Press
_c
1969
300
_a
102
650
_a
English Drama
942
_c
BK
999
_c
12434
_d
12434